[Event "33rd Pula Open 2019"]
[Site "Pula"]
[Date "2019.06.27"]
[Round "7.12"]
[White "Klaric, Zoran"]
[Black "Petran, Peter"]
[Result "0-1"]
[WhiteElo "2086"]
[BlackElo "2246"]
[Annotator "NA"]
[PlyCount "90"]
[EventDate "2019.06.22"]
[EventType "swiss"]
[EventCountry "CRO"]
[SourceTitle "playchess.com"]
[Source "ChessBase"]
[SourceQuality "1"]
[TimeControl "5400+30"]

1. f4 {[%emt 0:00:30]} c5 {[%emt 0:01:30]} 2. b3 {[%emt 0:00:30]} Nf6 {[%emt 0:00:30]} 3. Nf3 {[%emt 0:00:30]} Nc6 {[%emt 0:01:30]} 4. Bb2 {[%emt 0:00:00]} d5 {[%emt 0:01:30]} 5. e3 {[%emt 0:01:00]} a6 {[%emt 0:02:30]} 6. Be2 {[%emt 0:00:30]} g6 {[%emt 0:00:30]} 7. O-O {[%emt 0:02:30]} Bg7 {[%emt 0:00:30]} 8. Ne5 {[%emt 0:01:30]} Bd7 {[%emt 0:00:30]} 9. d3 {[%emt 0:02:30]} O-O {[%emt 0:00:00]} 10. Nd2 {[%emt 0:00:30]} Nxe5 {[%emt 0:06:00]} 11. fxe5 {[%emt 0:06:30]} Ne8 {[%emt 0:00:00]} 12. Bf3 {[%emt 0:06:30]} Nc7 {[%emt 0:03:00]} 13. c4 {[%emt 0:01:30]} Be6 {[%emt 0:00:30]} 14. Qe2 {[%emt 0:06:30]} Rb8 {[%emt 0:00:00]} 15. d4 {[%emt 0:08:30]} b5 {[%emt 0:08:00]} 16. cxd5 {[%emt 0:07:30]} Nxd5 {[%emt 0:00:30]} 17. Ne4 {[%emt 0:01:30]} cxd4 {[%emt 0:00:30]} 18. exd4 {[%emt 0:00:30]} Bf5 {[%emt 0:06:30]} 19. Nc5 {[%emt 0:01:30]} a5 {[%emt 0:02:30]} 20. g4 {[%emt 0:01:30]} Be6 {[%emt 0:00:30]} 21. Qd2 {[%emt 0:08:30]} Qb6 {[%emt 0:02:30]} 22. Rac1 {[%emt 0:01:30]} Rbd8 {[%emt 0:02:30]} 23. Rfe1 {[%emt 0:02:30]} b4 {[%emt 0:03:30]} 24. g5 {[%emt 0:01:30]} Bf5 {[%emt 0:02:30]} 25. Qe2 {[%emt 0:01:30]} e6 {[%emt 0:02:30]} 26. h4 {[%emt 0:01:30]} Rfe8 {[%emt 0:00:00]} 27. Na4 {[%emt 0:01:30]} Qa7 {[%emt 0:01:00]} 28. Rc6 {[%emt 0:00:30]} Nf4 {[%emt 0:03:30]} 29. Qe3 {[%emt 0:02:30]} Nd3 {[%emt 0:00:30]} 30. Rd1 {[%emt 0:00:30]} Nxe5 {[%emt 0:00:30]} 31. Rc5 {[%emt 0:02:30]} Nxf3+ {[%emt 0:02:30]} 32. Qxf3 {[%emt 0:00:00]} Rd7 {[%emt 0:06:30]} 33. Qc6 {[%emt 0:03:00]} Red8 {[%emt 0:04:30]} 34. Qb6 {[%emt 0:02:30]} Qa8 {[%emt 0:01:30]} 35. d5 {[%emt 0:01:30]} Rxd5 {[%emt 0:06:30]} 36. Rcxd5 {[%emt 0:02:30]} exd5 {[%emt 0:03:30]} 37. Bxg7 {[%emt 0:00:30]} Kxg7 {[%emt 0:00:30]} 38. Qf6+ {[%emt 0:00:30]} Kg8 {[%emt 0:00:30]} 39. h5 {[%emt 0:00:30]} Qb8 {[%emt 0:05:30]} 40. Kg2 {[%emt 0:03:59]} Be4+ {[%emt 0:00:00]} 41. Kh3 {[%emt 0:00:19]} gxh5 {[%emt 0:00:00]} 42. Rf1 {[%emt 0:00:41]} Qc8+ {[%emt 0:00:30]} 43. Kh2 {[%emt 0:00:23]} Qc7+ {[%emt 0:01:30]} 44. Kh3 {[%emt 0:00:44]} Qd7+ {[%emt 0:00:30]} 45. Kh2 {[%emt 0:00:11]} Rc8 {[%emt 0:03:03]} 0-1

[Event "33rd Pula Open 2019"]
[Site "Pula"]
[Date "2019.06.27"]
[Round "7.13"]
[White "Jurman, Pjerino"]
[Black "Jazdanovs, Aleksandrs"]
[Result "0-1"]
[WhiteElo "1936"]
[BlackElo "2232"]
[Annotator "NA"]
[PlyCount "92"]
[EventDate "2019.06.22"]
[EventType "swiss"]
[EventCountry "CRO"]
[SourceTitle "playchess.com"]
[Source "ChessBase"]
[SourceQuality "1"]
[TimeControl "5400+30"]

1. d4 {[%emt 0:00:30]} Nf6 {[%emt 0:01:30]} 2. c4 {[%emt 0:00:30]} c5 {[%emt 0:00:00]} 3. d5 {[%emt 0:00:30]} b5 {[%emt 0:00:00]} 4. Nc3 {[%emt 0:01:30]} b4 {[%emt 0:00:30]} 5. Na4 {[%emt 0:00:30]} e6 {[%emt 0:00:30]} 6. Bg5 {[%emt 0:00:30]} h6 {[%emt 0:00:30]} 7. Bxf6 {[%emt 0:01:30]} Qxf6 {[%emt 0:04:30]} 8. e4 {[%emt 0:00:30]} Qg6 {[%emt 0:01:30]} 9. Qd3 {[%emt 0:01:30]} d6 {[%emt 0:02:30]} 10. Ne2 {[%emt 0:00:30]} e5 {[%emt 0:01:30]} 11. b3 {[%emt 0:01:30]} Nd7 {[%emt 0:00:30]} 12. Nb2 {[%emt 0:00:30]} Be7 {[%emt 0:01:30]} 13. g3 {[%emt 0:00:00]} O-O {[%emt 0:02:30]} 14. Nd1 {[%emt 0:00:00]} Nf6 {[%emt 0:02:30]} 15. Bg2 {[%emt 0:00:30]} Nh5 {[%emt 0:04:30]} 16. Ne3 {[%emt 0:03:30]} Nf4 {[%emt 0:01:30]} 17. gxf4 {[%emt 0:00:30]} exf4 {[%emt 0:00:00]} 18. Nxf4 {[%emt 0:01:30]} Qf6 {[%emt 0:01:00]} 19. O-O {[%emt 0:25:30]} Qxf4 {[%emt 0:00:00]} 20. Rfe1 {[%emt 0:00:30]} Bf6 {[%emt 0:00:00]} 21. Rac1 {[%emt 0:01:30]} Bc3 {[%emt 0:02:30]} 22. Rxc3 {[%emt 0:05:30]} bxc3 {[%emt 0:00:30]} 23. Qxc3 {[%emt 0:00:30]} Re8 {[%emt 0:01:30]} 24. b4 {[%emt 0:01:30]} cxb4 {[%emt 0:05:30]} 25. Qxb4 {[%emt 0:00:00]} Bd7 {[%emt 0:00:30]} 26. c5 {[%emt 0:00:00]} Reb8 {[%emt 0:00:30]} 27. Qa3 {[%emt 0:00:30]} dxc5 {[%emt 0:01:30]} 28. Nc4 {[%emt 0:09:30]} Rb4 {[%emt 0:01:30]} 29. Qc3 {[%emt 0:02:30]} Rab8 {[%emt 0:00:30]} 30. Ne5 {[%emt 0:01:30]} Qf6 {[%emt 0:02:30]} 31. f4 {[%emt 0:00:30]} Rb1 {[%emt 0:01:30]} 32. Qg3 {[%emt 0:02:30]} Ba4 {[%emt 0:01:30]} 33. Rf1 {[%emt 0:07:30]} Qa6 {[%emt 0:01:30]} 34. Ng4 {[%emt 0:01:30]} Rxf1+ {[%emt 0:00:30]} 35. Bxf1 {[%emt 0:00:30]} Rb1 {[%emt 0:00:30]} 36. Ne3 {[%emt 0:00:30]} Bb5 {[%emt 0:01:30]} 37. Qf3 {[%emt 0:00:00]} Bxf1 {[%emt 0:01:30]} 38. Nxf1 {[%emt 0:00:00]} Qxa2 {[%emt 0:01:30]} 39. e5 {[%emt 0:01:30]} Qb3 {[%emt 0:01:30]} 40. Qg4 {[%emt 0:04:30]} Qe3+ {[%emt 0:00:30]} 41. Kg2 {[%emt 0:00:30]} Qe4+ {[%emt 0:00:30]} 42. Kg1 {[%emt 0:00:30]} Qd4+ {[%emt 0:00:30]} 43. Kg2 {[%emt 0:00:30]} Qxd5+ {[%emt 0:00:30]} 44. Kf2 {[%emt 0:00:30]} Qa2+ {[%emt 0:00:30]} 45. Kg1 {[%emt 0:00:00]} Qa6 {[%emt 0:00:30]} 46. Qf3 {[%emt 0:01:00]} Qxf1+ {[%emt 0:00:30]} 0-1

[Event "33rd Pula Open 2019"]
[Site "Pula"]
[Date "2019.06.27"]
[Round "7.14"]
[White "Rubil, Marko"]
[Black "Jakrlin, Mihael"]
[Result "1-0"]
[WhiteElo "2226"]
[BlackElo "1925"]
[Annotator "NA"]
[PlyCount "95"]
[EventDate "2019.06.22"]
[EventType "swiss"]
[EventCountry "CRO"]
[SourceTitle "playchess.com"]
[Source "ChessBase"]
[SourceQuality "1"]
[TimeControl "5400+30"]

1. e4 {[%emt 0:00:30]} Nf6 {[%emt 0:00:30]} 2. Nc3 {[%emt 0:03:30]} d5 {[%emt 0:00:00]} 3. e5 {[%emt 0:04:30]} Nfd7 {[%emt 0:00:00]} 4. d4 {[%emt 0:01:30]} c5 {[%emt 0:00:30]} 5. dxc5 {[%emt 0:14:30]} e6 {[%emt 0:01:30]} 6. f4 {[%emt 0:00:30]} Bxc5 {[%emt 0:06:30]} 7. Qf3 {[%emt 0:01:30]} Nc6 {[%emt 0:04:30]} 8. Bd3 {[%emt 0:00:30]} Nb4 {[%emt 0:04:30]} 9. Nge2 {[%emt 0:01:30]} O-O {[%emt 0:05:30]} 10. Bd2 {[%emt 0:17:30]} f6 {[%emt 0:05:30]} 11. exf6 {[%emt 0:04:30]} Nxf6 {[%emt 0:11:30]} 12. Na4 {[%emt 0:16:30]} Nxd3+ {[%emt 0:02:30]} 13. Qxd3 {[%emt 0:02:30]} Bd6 {[%emt 0:01:30]} 14. O-O-O {[%emt 0:07:30]} b5 {[%emt 0:08:30]} 15. Qxb5 {[%emt 0:04:30]} Rb8 {[%emt 0:03:30]} 16. Qd3 {[%emt 0:02:56]} Bd7 {[%emt 0:03:30]} 17. Nac3 {[%emt 0:00:52]} Ng4 {[%emt 0:02:30]} 18. Be3 {[%emt 0:03:21]} Qa5 {[%emt 0:02:30]} 19. Bd4 {[%emt 0:01:03]} Qb4 {[%emt 0:11:30]} 20. b3 {[%emt 0:03:43]} Nf6 {[%emt 0:03:55]} 21. Rhf1 {[%emt 0:00:39]} a5 {[%emt 0:00:32]} 22. g4 {[%emt 0:02:30]} Qa3+ {[%emt 0:01:42]} 23. Kb1 {[%emt 0:01:52]} a4 {[%emt 0:00:35]} 24. Nc1 {[%emt 0:00:45]} axb3 {[%emt 0:00:50]} 25. cxb3 {[%emt 0:00:11]} Ba4 {[%emt 0:03:04]} 26. Nxa4 {[%emt 0:01:38]} Qxa4 {[%emt 0:00:04]} 27. Bb2 {[%emt 0:00:01]} Qe4 {[%emt 0:01:15]} 28. Bxf6 {[%emt 0:02:23]} Qxd3+ {[%emt 0:00:06]} 29. Nxd3 {[%emt 0:00:25]} gxf6 {[%emt 0:01:36]} 30. Rfe1 {[%emt 0:00:21]} Rfe8 {[%emt 0:00:10]} 31. Rc1 {[%emt 0:00:06]} Rb6 {[%emt 0:00:19]} 32. g5 {[%emt 0:01:03]} Kf7 {[%emt 0:00:45]} 33. gxf6 {[%emt 0:00:13]} Kxf6 {[%emt 0:00:14]} 34. Re2 {[%emt 0:00:49]} Kf5 {[%emt 0:02:46]} 35. Rg1 {[%emt 0:00:01]} Re7 {[%emt 0:00:56]} 36. Rg5+ {[%emt 0:00:16]} Kf6 {[%emt 0:00:01]} 37. Rg8 {[%emt 0:00:17]} Kf7 {[%emt 0:00:36]} 38. Reg2 {[%emt 0:01:01]} e5 {[%emt 0:01:08]} 39. R8g7+ {[%emt 0:00:28]} Ke6 {[%emt 0:00:11]} 40. Rxe7+ {[%emt 0:00:18]} Bxe7 {[%emt 0:00:09]} 41. fxe5 {[%emt 0:00:34]} Bf8 {[%emt 0:01:47]} 42. Rf2 {[%emt 0:00:49]} Be7 {[%emt 0:00:13]} 43. Kb2 {[%emt 0:00:31]} d4 {[%emt 0:00:37]} 44. b4 {[%emt 0:00:31]} Kd5 {[%emt 0:01:11]} 45. Kb3 {[%emt 0:00:43]} Ke4 {[%emt 0:00:12]} 46. Rf7 {[%emt 0:00:32]} Bg5 {[%emt 0:00:47]} 47. Nc5+ {[%emt 0:00:32]} Ke3 {[%emt 0:02:40]} 48. e6 {[%emt 0:00:18]} 1-0

[Event "33rd Pula Open 2019"]
[Site "Pula"]
[Date "2019.06.27"]
[Round "7.15"]
[White "Purgar, Ivona"]
[Black "Grishchenko, Sergey"]
[Result "0-1"]
[WhiteElo "2194"]
[BlackElo "2411"]
[Annotator "NA"]
[PlyCount "58"]
[EventDate "2019.06.22"]
[EventType "swiss"]
[EventCountry "CRO"]
[SourceTitle "playchess.com"]
[Source "ChessBase"]
[SourceQuality "1"]
[TimeControl "5400+30"]

1. e4 {[%emt 0:00:30]} c6 {[%emt 0:00:30]} 2. d4 {[%emt 0:00:00]} d5 {[%emt 0:00:00]} 3. Nc3 {[%emt 0:00:00]} dxe4 {[%emt 0:00:00]} 4. Nxe4 {[%emt 0:00:00]} Nf6 {[%emt 0:00:30]} 5. Nxf6+ {[%emt 0:00:00]} gxf6 {[%emt 0:00:00]} 6. Bc4 {[%emt 0:01:30]} Bf5 {[%emt 0:02:00]} 7. Bf4 {[%emt 0:01:30]} Nd7 {[%emt 0:00:30]} 8. Nf3 {[%emt 0:00:30]} Nb6 {[%emt 0:05:30]} 9. Bb3 {[%emt 0:00:30]} a5 {[%emt 0:09:30]} 10. a4 {[%emt 0:08:30]} Nd5 {[%emt 0:21:30]} 11. Bg3 {[%emt 0:00:30]} e6 {[%emt 0:11:30]} 12. O-O {[%emt 0:02:30]} Be7 {[%emt 0:01:30]} 13. Re1 {[%emt 0:07:30]} Qb6 {[%emt 0:05:30]} 14. Nh4 {[%emt 0:06:30]} Bg6 {[%emt 0:02:30]} 15. c4 {[%emt 0:21:30]} Nb4 {[%emt 0:00:30]} 16. Nxg6 {[%emt 0:03:30]} hxg6 {[%emt 0:00:30]} 17. c5 {[%emt 0:21:30]} Qa6 {[%emt 0:04:30]} 18. Re3 {[%emt 0:16:02]} Rd8 {[%emt 0:06:30]} 19. Qg4 {[%emt 0:01:07]} Nd5 {[%emt 0:06:30]} 20. Bxd5 {[%emt 0:00:23]} Rxd5 {[%emt 0:01:10]} 21. Qf4 {[%emt 0:00:18]} O-O {[%emt 0:10:40]} 22. Qc7 {[%emt 0:03:34]} Bd8 {[%emt 0:00:45]} 23. Qf4 {[%emt 0:02:54]} Qc4 {[%emt 0:01:22]} 24. Qh6 {[%emt 0:00:29]} Qxd4 {[%emt 0:03:00]} 25. Bd6 {[%emt 0:00:31]} Re8 {[%emt 0:00:14]} 26. Rae1 {[%emt 0:00:34]} Rh5 {[%emt 0:01:41]} 27. Qf4 {[%emt 0:00:28]} Qxf4 {[%emt 0:00:09]} 28. Bxf4 {[%emt 0:00:04]} Rxc5 {[%emt 0:00:04]} 29. b3 {[%emt 0:00:57]} Rd5 {[%emt 0:00:25]} 0-1

[Event "33rd Pula Open 2019"]
[Site "Pula"]
[Date "2019.06.28"]
[Round "8.2"]
[White "Zelcic, Robert"]
[Black "Jovanovic, Zoran"]
[Result "1-0"]
[WhiteElo "2518"]
[BlackElo "2503"]
[Annotator "TA"]
[PlyCount "72"]
[EventDate "2019.06.22"]
[EventType "swiss"]
[EventCountry "CRO"]
[SourceTitle "playchess.com"]
[Source "ChessBase"]
[SourceQuality "1"]

{[%evp 13,72,37,35,16,18,12,47,10,8,11,30,11,21,23,37,11,23,29,43,17,60,56,51,44,57,27,0,9,89,89,96,91,79,64,311,324,315,294,478,469,443,357,377,340,365,362,368,372,373,358,417,379,413,401,490,491,479,474,1033,984,974]} 1. e4 g6 2. d4 Bg7 3. Nc3 c6 4. Nf3 d5 5. h3 dxe4 6. Nxe4 Nf6 7. Nxf6+ exf6 8. Be2 {B15: Caro-Kann: 3 Nc3: 3...g6 and 3...dxe4 4 Nxe4 Nf6 5 Nxf6+ exf6} (8. Bd3 {is more complex.} O-O 9. O-O Re8 10. b3 a5 11. Bf4) (8. Bd3 O-O 9. O-O Nd7 10. c4 b6 11. Bf4 Re8 12. Re1 Nf8 13. Rxe8 Qxe8 14. Qd2 Bb7 15. Bh6 Bh8 16. Re1 Qd7 17. b3 {0-1 (32) Hou,Y (2658)-Nakamura,H (2777) chess.com INT 2018}) 8... O-O 9. O-O Na6 {[%cal Bb8a6,Ba6c7,Bc7d5][%mdl 32]} 10. Bf4 {White is slightly better.} (10. Bxa6 $5 bxa6 11. b3 $14) 10... Nc7 11. Re1 b6 $146 ({Predecessor:} 11... f5 12. Be5 Bh6 13. Bc4 a5 14. a3 Nd5 15. Ba2 Be6 {1-0 (29) Maki,V (2357)-Virtanen,A (2303) Finland 2015}) 12. c3 Nd5 13. Bh2 Bh6 14. Nd2 Be6 15. Bf1 a5 16. Nf3 (16. c4 $5 {[%cal Rc4d5]} Ne7 17. Nf3 $14) 16... Qd7 17. c4 $1 $36 {[%cal Rc4d5][%mdl 2048] Black is under pressure.} Nb4 18. a3 Na6 19. d5 cxd5 20. Nd4 a4 (20... Nc5 $11 {remains equal.}) 21. Nxe6 $16 fxe6 22. cxd5 exd5 {[#]} 23. Bc4 $1 {[%mdl 512]} Rfd8 $2 {[#]} (23... Kg7 $14) (23... dxc4 24. Qxd7) 24. Bxd5+ $1 $18 {[%mdl 512]} Qxd5 {[#]} 25. Re8+ $1 {[%mdl 576] Deflection} Rxe8 $2 (25... Bf8 26. Qxd5+ {[%mdl 64] Overworked Piece} Rxd5 27. Rxa8 Nc5) 26. Qxd5+ Kh8 27. Bd6 Nc5 {[#]} 28. Be7 $1 {[%mdl 512]} Bg7 (28... Rxe7 29. Qxa8+) 29. Re1 f5 30. Re2 Ne4 31. g4 Rac8 32. Qd7 Ra8 33. Kf1 Rab8 34. h4 {White is clearly winning.} Nc5 35. Bxc5 Rxe2 (35... Red8 $142) 36. Bd4 {[%csl Gd4][%cal Rd7g7]} Re5 {Accuracy: White = 71%, Black = 25%.} 1-0

[Event "33rd Pula Open 2019"]
[Site "Pula"]
[Date "2019.06.28"]
[Round "8.3"]
[White "Berezjuk, Sergej"]
[Black "Kyc, Jerzy"]
[Result "0-1"]
[WhiteElo "2411"]
[BlackElo "2279"]
[Annotator "TA"]
[PlyCount "84"]
[EventDate "2019.06.22"]
[EventType "swiss"]
[EventCountry "CRO"]
[SourceTitle "playchess.com"]
[Source "ChessBase"]
[SourceQuality "1"]

{[%evp 18,84,46,35,51,30,53,43,57,51,51,49,52,45,60,11,0,5,4,15,59,0,-18,-9,0,0,0,0,0,-91,0,-34,-38,-80,-80,-68,-51,-69,-39,-56,-55,-40,0,-100,-100,-110,-103,-103,-103,-108,-103,-79,-81,-118,-73,-214,-205,-214,-214,-214,-217,-212,-41,-704,-697,-711,-711,-704,-697]} 1. Nf3 Nf6 2. c4 g6 3. Nc3 Bg7 4. g3 O-O 5. Bg2 c5 6. d4 cxd4 7. Nxd4 Nc6 8. O-O Qb6 9. Nc2 d6 10. Ne3 Be6 {A39: Symmetrical English vs ...g6: 4 Bg2 Bg7 5 Nf3 Nf6 6 0-0 0-0 7 d4} (10... Qc5 11. Ncd5 Nxd5 12. cxd5 Nd4 13. Re1 Qb5 14. Rb1 Bd7 15. Bd2 Rfc8 16. Bc3 Qb6 17. Qd2 Nf5 18. Nxf5 Bxf5 {1-0 (31) Melkumyan,H (2654)-Alekseev,E (2642) Minsk 2015}) 11. Rb1 Ne5 $146 {[%cal Bc6e5,Be5g4,Bg4e3][%mdl 32]} ({Predecessor:} 11... Qa5 12. Ned5 Bxd5 13. cxd5 Ne5 14. Qb3 Rfc8 15. Bh3 Rc7 16. Rd1 a6 17. Bd2 b5 18. a4 bxa4 19. Qxa4 Qxa4 20. Nxa4 {0-1 (55) Lalic,B (2394)-Cerveny,M (2359) Pardubice 2018}) 12. b3 Rfd8 {White is slightly better.} 13. Bb2 Rac8 14. a4 Neg4 15. Bc1 Qa5 {...Nxe3 is the strong threat.} 16. Nb5 Nxe3 $1 17. Bxe3 d5 18. c5 Bf5 19. Bd2 (19. b4 $14 Qa6 20. Rc1) 19... Qa6 $11 20. Rc1 Ne4 21. Bb4 $1 d4 22. Qe1 $1 h5 23. h3 (23. Rc4 $11 {remains equal.}) 23... Ng5 (23... Qe6 $1 $17 24. Nxa7 Ra8) 24. Qd2 Bh6 25. f4 Ne4 26. Qe1 Qe6 $36 {[%mdl 2048] Black is more active.} 27. Rc4 Bg7 28. Nxa7 Ra8 29. Nb5 $1 {[%cal Rb5c7] Strongly threatening Nc7.} Rd7 30. Kh2 (30. e3 $11 {keeps the balance.} dxe3 31. Qxe3) 30... Rxa4 $1 $17 31. g4 hxg4 32. hxg4 Bxg4 33. bxa4 {And now Rc1 would win.} Qxc4 34. Bxe4 {aiming for Bd3.} Bxe2 35. Na3 Qa6 36. Rf2 (36. c6 $17 bxc6 37. Bxc6 Qxc6 38. Qxe2) 36... d3 $19 37. Nb5 Qxa4 38. c6 bxc6 39. Bxc6 {[#]} Rd8 $2 ({Black should try} 39... Rc7 $1 $19 {[%cal Rc7c6][%mdl 512]} 40. Nxc7 Qxc6) 40. Qd2 $2 {[%mdl 8192]} (40. Nd4 $15 Qa6 41. Nxe2 Qxc6 42. Ng3) 40... Rc8 {Black is clearly winning.} 41. Nd4 Qa7 42. Rxe2 dxe2 {Accuracy: White = 43%, Black = 55%.} 0-1

[Event "33rd Pula Open 2019"]
[Site "Pula"]
[Date "2019.06.28"]
[Round "8.4"]
[White "Petran, Peter"]
[Black "Beletic, Daniel"]
[Result "0-1"]
[WhiteElo "2246"]
[BlackElo "2380"]
[Annotator "NA"]
[PlyCount "59"]
[EventDate "2019.06.22"]
[EventType "swiss"]
[EventCountry "CRO"]
[SourceTitle "playchess.com"]
[Source "ChessBase"]
[SourceQuality "1"]
[TimeControl "5400+30"]

1. g3 {[%emt 0:00:30]} e5 {[%emt 0:09:30]} 2. c4 {[%emt 0:00:00]} Nc6 {[%emt 0:00:30]} 3. Bg2 {[%emt 0:00:00]} Nf6 {[%emt 0:00:30]} 4. Nc3 {[%emt 0:00:30]} Bc5 {[%emt 0:00:30]} 5. e3 {[%emt 0:01:30]} d5 {[%emt 0:00:30]} 6. Nxd5 {[%emt 0:09:30]} Nxd5 {[%emt 0:00:30]} 7. cxd5 {[%emt 0:00:00]} Nb4 {[%emt 0:00:30]} 8. Ne2 {[%emt 0:03:00]} Nd3+ {[%emt 0:03:30]} 9. Kf1 {[%emt 0:00:30]} Qf6 {[%emt 0:00:30]} 10. f3 {[%emt 0:00:30]} O-O {[%emt 0:01:30]} 11. Nc3 {[%emt 0:00:30]} Bf5 {[%emt 0:03:30]} 12. Qe2 {[%emt 0:07:30]} e4 {[%emt 0:08:30]} 13. Kg1 {[%emt 0:01:30]} exf3 {[%emt 0:01:30]} 14. Bxf3 {[%emt 0:00:30]} Rfe8 {[%emt 0:02:30]} 15. Qf1 {[%emt 0:16:30]} Qh6 {[%emt 0:08:30]} 16. g4 {[%emt 0:03:30]} Qg6 {[%emt 0:33:30]} 17. h3 {[%emt 0:02:30]} h5 {[%emt 0:03:08]} 18. Rh2 {[%emt 0:02:30]} Ne5 {[%emt 0:03:39]} 19. Rg2 {[%emt 0:03:30]} hxg4 {[%emt 0:01:06]} 20. hxg4 {[%emt 0:00:30]} Bd3 {[%emt 0:05:19]} 21. Be2 {[%emt 0:00:00]} Rad8 {[%emt 0:01:15]} 22. Bxd3 {[%emt 0:18:00]} Nxd3 {[%emt 0:00:08]} 23. Qf5 {[%emt 0:00:30]} Qa6 {[%emt 0:00:30]} 24. Ne4 {[%emt 0:03:30]} Qc4 {[%emt 0:01:49]} 25. Ng5 {[%emt 0:06:42]} Qxd5 {[%emt 0:00:38]} 26. Qxd5 {[%emt 0:02:42]} Rxd5 {[%emt 0:00:08]} 27. Nf3 {[%emt 0:00:06]} Bb6 {[%emt 0:02:04]} 28. Kf1 {[%emt 0:00:30]} Rc5 {[%emt 0:00:24]} 29. Kg1 {[%emt 0:05:31]} Rd5 {[%emt 0:00:30]} 30. Kf1 {[%emt 0:00:59]} 0-1

[Event "33rd Pula Open 2019"]
[Site "Pula"]
[Date "2019.06.28"]
[Round "8.5"]
[White "Jazdanovs, Aleksandrs"]
[Black "Biti, Ozren"]
[Result "1/2-1/2"]
[WhiteElo "2232"]
[BlackElo "2374"]
[Annotator "NA"]
[PlyCount "103"]
[EventDate "2019.06.22"]
[EventType "swiss"]
[EventCountry "CRO"]
[SourceTitle "playchess.com"]
[Source "ChessBase"]
[SourceQuality "1"]
[TimeControl "5400+30"]

1. e4 {[%emt 0:00:30]} d6 {[%emt 0:00:30]} 2. d4 {[%emt 0:00:00]} Nf6 {[%emt 0:00:00]} 3. Nc3 {[%emt 0:00:00]} e5 {[%emt 0:00:00]} 4. Nf3 {[%emt 0:00:30]} Nbd7 {[%emt 0:00:30]} 5. Bc4 {[%emt 0:00:30]} Be7 {[%emt 0:00:30]} 6. a4 {[%emt 0:01:30]} O-O {[%emt 0:00:30]} 7. O-O {[%emt 0:00:30]} a5 {[%emt 0:00:30]} 8. Re1 {[%emt 0:06:30]} c6 {[%emt 0:00:30]} 9. h3 {[%emt 0:01:30]} exd4 {[%emt 0:01:30]} 10. Qxd4 {[%emt 0:00:00]} Nc5 {[%emt 0:00:30]} 11. Bf4 {[%emt 0:01:00]} Ne8 {[%emt 0:00:30]} 12. Rad1 {[%emt 0:02:30]} Ne6 {[%emt 0:02:30]} 13. Bxe6 {[%emt 0:00:30]} fxe6 {[%emt 0:00:30]} 14. Qe3 {[%emt 0:13:30]} Qc7 {[%emt 0:18:30]} 15. Bg5 {[%emt 0:04:30]} e5 {[%emt 0:03:30]} 16. Bxe7 {[%emt 0:06:30]} Qxe7 {[%emt 0:02:30]} 17. Rd3 {[%emt 0:00:30]} Be6 {[%emt 0:07:30]} 18. Red1 {[%emt 0:02:30]} Kh8 {[%emt 0:07:30]} 19. b3 {[%emt 0:03:30]} Bf7 {[%emt 0:05:30]} 20. Ne2 {[%emt 0:06:30]} Bg6 {[%emt 0:05:30]} 21. Ng3 {[%emt 0:04:30]} h6 {[%emt 0:10:30]} 22. c4 {[%emt 0:01:30]} c5 {[%emt 0:02:30]} 23. Nd2 {[%emt 0:10:30]} Ra6 {[%emt 0:01:30]} 24. Nb1 {[%emt 0:00:30]} Nc7 {[%emt 0:01:30]} 25. Nf5 {[%emt 0:07:30]} Bxf5 {[%emt 0:00:30]} 26. exf5 {[%emt 0:01:30]} Ne8 {[%emt 0:10:25]} 27. g4 {[%emt 0:01:30]} Rb6 {[%emt 0:02:16]} 28. Nd2 {[%emt 0:06:30]} Nf6 {[%emt 0:02:34]} 29. Ne4 {[%emt 0:01:47]} Nxe4 {[%emt 0:00:26]} 30. Qxe4 {[%emt 0:00:06]} Qf6 {[%emt 0:00:41]} 31. Qe3 {[%emt 0:01:11]} Ra6 {[%emt 0:01:09]} 32. Qd2 {[%emt 0:00:14]} Rd8 {[%emt 0:01:01]} 33. Rd5 {[%emt 0:00:06]} Qh4 {[%emt 0:04:05]} 34. Kg2 {[%emt 0:01:12]} h5 {[%emt 0:01:37]} 35. f3 {[%emt 0:00:47]} Rb6 {[%emt 0:01:32]} 36. Rd3 {[%emt 0:03:19]} e4 {[%emt 0:01:27]} 37. fxe4 {[%emt 0:00:11]} hxg4 {[%emt 0:00:15]} 38. Rg3 {[%emt 0:00:08]} d5 {[%emt 0:01:04]} 39. Rxg4 {[%emt 0:01:24]} Qh5 {[%emt 0:00:28]} 40. Qxa5 {[%emt 0:00:35]} Rdd6 {[%emt 0:01:04]} 41. Qc3 {[%emt 0:03:13]} d4 {[%emt 0:01:26]} 42. Qg3 {[%emt 0:00:05]} Rh6 {[%emt 0:00:38]} 43. Rd2 {[%emt 0:01:46]} Qf7 {[%emt 0:00:22]} 44. Rf2 {[%emt 0:01:45]} Rbf6 {[%emt 0:00:39]} 45. Rg5 {[%emt 0:01:06]} g6 {[%emt 0:01:41]} 46. Rxg6 {[%emt 0:00:58]} Rhxg6 {[%emt 0:00:18]} 47. fxg6 {[%emt 0:00:03]} Rxf2+ {[%emt 0:00:12]} 48. Qxf2 {[%emt 0:00:13]} Qxg6+ {[%emt 0:00:13]} 49. Kf3 {[%emt 0:04:37]} Qh5+ {[%emt 0:00:34]} 50. Kg3 {[%emt 0:02:04]} Qg6+ {[%emt 0:00:21]} 51. Kf3 {[%emt 0:00:12]} Qh5+ {[%emt 0:00:29]} 52. Kg3 {[%emt 0:01:18]} 1/2-1/2